[Event "Chigorin Memorial 19th"]
[Site "St Petersburg"]
[Date "2011.10.20"]
[Round "7"]
[White "Ivanov, Sergei V"]
[Black "Bondarev, Ivan"]
[Result "1-0"]
[WhiteElo "2055"]
[BlackElo "1892"]
[PlyCount "103"]
[EventDate "2011.10.14"]
[EventType "swiss"]
[EventRounds "9"]
[EventCountry "RUS"]
[SourceTitle "CBM 144 Extra"]
[Source "ChessBase"]
[SourceDate "2011.10.28"]
[SourceVersion "1"]
[SourceVersionDate "2011.10.28"]
[SourceQuality "1"]

1. Nf3 Nf6 2. g3 b6 3. Bg2 Bb7 4. 0-0 c5 5. d3 d6 6. e4 Nbd7 7. h3 g6 8. Be3 Bg7 9. c3 0-0 10. Qd2 Rc8 11. Na3 a6 12. Bh6 Qc7 13. Bxg7 Kxg7 14. c4 Rfe8 15. Nh2 e5 16. f4 exf4 17. gxf4 Bc6 18. Ng4 b5 19. b3 b4 20. Nc2 a5 21. f5 Nxg4 22. hxg4 a4 23. Qf4 f6 24. g5 Rf8 25. Ne3 axb3 26. axb3 Rce8 27. Qh4 fxg5 28. Qxg5 Qd8 29. Qg3 Ne5 30. fxg6 Rxf1+ 31. Bxf1 hxg6 32. Ra7+ Kg8 33. Nf5 Qf6 34. Bh3 Ra8 35. Ne7+ Kh8 36. Nxc6 Nf3+ 37. Kg2 Rf8 38. Ra2 Nh4+ 39. Kh1 Kh7 40. Bg2 Rc8 41. e5 dxe5 42. Nxe5 Re8 43. Ng4 Qg5 44. Be4 Nf5 45. Qh3+ Nh4 46. Rf2 Re7 47. Nf6+ Kg7 48. Nd5 Ra7 49. Kh2 Ra1 50. Qg3 Qh5 51. Qc7+ Kh6 52. Qf4+ 1-0

[Event "Chigorin Memorial 19th"]
[Site "St Petersburg"]
[Date "2011.10.16"]
[Round "3"]
[White "Gumirov, Konstantin L"]
[Black "Bondarev, Ivan"]
[Result "1/2-1/2"]
[WhiteElo "2057"]
[BlackElo "1892"]
[PlyCount "84"]
[EventDate "2011.10.14"]
[EventType "swiss"]
[EventRounds "9"]
[EventCountry "RUS"]
[SourceTitle "CBM 144 Extra"]
[Source "ChessBase"]
[SourceDate "2011.10.28"]
[SourceVersion "1"]
[SourceVersionDate "2011.10.28"]
[SourceQuality "1"]

1. e4 c5 2. Nf3 Nf6 3. Nc3 d5 4. e5 d4 5. Ne2 Nfd7 6. c3 dxc3 7. bxc3 e6 8. d4 Nc6 9. g3 cxd4 10. cxd4 Be7 11. Bg2 0-0 12. 0-0 Nb6 13. Nf4 Nb4 14. h4 N4d5 15. Nh5 g6 16. Nf4 Nxf4 17. Bxf4 Nd5 18. Bh6 Re8 19. h5 b6 20. Qd2 Bb4 21. Qd3 Bf8 22. Bxf8 Rxf8 23. Qd2 Kg7 24. Nh2 h6 25. f4 Ba6 26. Rf2 Rc8 27. g4 Ne7 28. Be4 f5 29. exf6+ Rxf6 30. g5 hxg5 31. fxg5 Rxf2 32. Qxf2 Nf5 33. h6+ Kg8 34. Nf3 Rc3 35. Rd1 Rxf3 36. Bxf3 Qxg5+ 37. Kh1 Qxh6+ 38. Qh2 Qe3 39. Qb8+ Kf7 40. Qc7+ Kf8 41. Qb8+ Kf7 42. Qc7+ Kf8 1/2-1/2

[Event "Moscow op-E"]
[Site "Moscow"]
[Date "2011.02.02"]
[Round "5.221"]
[White "Lagashin, Pavel"]
[Black "Bondarev, Ivan"]
[Result "1-0"]
[WhiteElo "2160"]
[BlackElo "1831"]
[PlyCount "113"]
[EventDate "2011.01.29"]
[EventType "swiss"]
[EventRounds "9"]
[EventCountry "RUS"]
[SourceTitle "EXT 2022"]
[Source "ChessBase"]
[SourceDate "2021.10.06"]
[SourceVersion "1"]
[SourceVersionDate "2021.10.06"]
[SourceQuality "1"]

1. Nf3 Nf6 2. c4 b6 3. g3 Bb7 4. Bg2 c5 5. 0-0 g6 6. Nc3 Bg7 7. Re1 d6 8. d4 cxd4 9. Qxd4 Nbd7 10. e4 0-0 11. Qe3 Rc8 12. Qe2 a6 13. Nd5 Re8 14. Rb1 Ng4 15. b3 Nde5 16. Nxe5 Nxe5 17. Bb2 Nd7 18. Bxg7 Kxg7 19. f4 e6 20. Ne3 Kg8 21. Rbd1 Qc7 22. Qd2 Nf6 23. Qxd6 Bxe4 24. Qxc7 Rxc7 25. Bxe4 Nxe4 26. Ng4 f5 27. Rxe4 fxg4 28. Rd6 Rb7 29. Rexe6 Rxe6 30. Rxe6 Kf7 31. Re5 h6 32. Kf2 Kf6 33. Rd5 Ke6 34. Ke3 Kf6 35. Rd6+ Kf5 36. Kd4 g5 37. Rd5+ Kf6 38. f5 h5 39. a4 h4 40. Kc3 hxg3 41. hxg3 Re7 42. Kd4 Rb7 43. b4 Rb8 44. b5 axb5 45. axb5 Rb7 46. Re5 Ra7 47. Ke4 Ra3 48. Re6+ Kf7 49. Rxb6 Rxg3 50. Rg6 Rb3 51. Rxg5 g3 52. Rg6 Ke7 53. Kd5 Rf3 54. Kc6 Rxf5 55. Rxg3 Rf6+ 56. Kc7 Rf5 57. Re3+ 1-0

[Event "Moscow 03"]
[Site "Moscow"]
[Date "2009.03.??"]
[Round "?"]
[White "Bondarev, Ivan"]
[Black "Savin, Boris"]
[Result "0-1"]
[WhiteElo "1759"]
[BlackElo "2164"]
[PlyCount "118"]
[EventDate "2009.03.??"]
[EventType "tourn"]
[EventRounds "11"]
[EventCountry "RUS"]
[SourceTitle "EXT 2012"]
[Source "ChessBase"]
[SourceDate "2011.11.24"]
[SourceVersion "1"]
[SourceVersionDate "2011.11.24"]
[SourceQuality "1"]

1. e4 Nf6 2. Nc3 d5 3. exd5 Nxd5 4. Bc4 c6 5. d4 Bf5 6. Nf3 Nxc3 7. bxc3 e6 8. 0-0 Bd6 9. Re1 0-0 10. Ne5 Nd7 11. Bf4 Qc7 12. Nxd7 Qxd7 13. Bxd6 Qxd6 14. Bd3 Bxd3 15. cxd3 c5 16. dxc5 Qxc5 17. Qb3 Qc6 18. Rab1 b6 19. d4 Rac8 20. Re3 Rfd8 21. h3 Rd5 22. Rbe1 g6 23. Rb1 Ra5 24. Qc2 Qc4 25. Rb2 Ra3 26. Rb3 Ra4 27. Qd2 b5 28. Re5 a6 29. Qe2 Qxe2 30. Rxe2 Rac4 31. Ra3 R8c6 32. Re3 b4 33. cxb4 Rxb4 34. Red3 Rb1+ 35. Kh2 Rb2 36. Rf3 Rd2 37. Ra4 Rd6 38. g3 R2xd4 39. Rxd4 Rxd4 40. Ra3 Rd6 41. h4 e5 42. Kg2 Kg7 43. Kf3 f5 44. Ra5 Kf6 45. Ke2 h6 46. Rc5 e4 47. Ra5 Rc6 48. Ke3 g5 49. hxg5+ Kxg5 50. Ke2 h5 51. Ke3 Kg4 52. Ra4 Re6 53. Ke2 f4 54. gxf4 h4 55. Kf1 h3 56. Kg1 Kxf4 57. Ra3 Rg6+ 58. Kf1 h2 59. Rh3 Rg1+ 0-1